Largest Country not Bordering Previously Listed ones, with a Map - Statistics

General Stats
  • This quiz has been taken 1,611 times
  • The average score is 18 of 44
Answers on the Map
Answers color-coded by a green-red scale on the quiz's map according to % correct below.
 
Answer Stats
Country % Correct
Russia
100%
Canada
98%
Brazil
96%
India
92%
Algeria
87%
DR Congo
86%
Saudi Arabia
83%
Mexico
81%
Indonesia
76%
Sudan
75%
Iran
74%
South Africa
73%
Nigeria
69%
Chile
65%
Somalia
59%
Thailand
57%
Spain
52%
Sweden
50%
Germany
47%
Uzbekistan
46%
Vietnam
40%
Côte d'Ivoire
32%
Italy
31%
Ecuador
27%
Romania
24%
Senegal
20%
Gabon
19%
Syria
17%
Nicaragua
16%
Greece
15%
Malawi
13%
South Korea
12%
Panama
10%
Dominican Republic
9%
Ireland
9%
Sierra Leone
9%
Monaco
8%
Slovakia
8%
Croatia
7%
Liechtenstein
7%
Togo
7%
Brunei
6%
El Salvador
6%
Kosovo
5%
No matching quizzes found
Score Distribution
Percent of People with Each Score
Percentile by Number Answered
Your Score History
You have not taken this quiz